[Event "Ramat Gan op"]
[Site "Ramat Gan"]
[Date "2023.02.20"]
[Round "5"]
[White "Kochavi, Dana"]
[Black "Sobel, Ido"]
[Result "1-0"]
[WhiteElo "1956"]
[BlackElo "1871"]
[PlyCount "49"]
[EventDate "2023.01.16"]
[EventType "swiss"]
[EventRounds "7"]
[EventCountry "ISR"]
[SourceTitle "CBM 213 Extra"]
[Source "ChessBase"]
[SourceDate "2023.05.31"]
[SourceVersion "1"]
[SourceVersionDate "2023.05.31"]
[SourceQuality "1"]

1. e4 c6 2. Nc3 d5 3. Nf3 Nf6 4. e5 Ne4 5. Ne2 Qb6 6. d4 e6 7. Ng3 c5 8. Bd3 Nxg3 9. fxg3 Nc6 10. 0-0 h6 11. Nh4 Nd8 12. Qh5 Be7 13. dxc5 Qxc5+ 14. Kh1 Bxh4 15. gxh4 Qc7 16. Bd2 Bd7 17. Bb4 Bc6 18. Bd6 Qd7 19. Qg4 g6 20. Qf4 Bb5 21. Bxg6 Bxf1 22. Rxf1 Qb5 23. Bd3 Qd7 24. Qf6 Rf8 25. Qg7 1-0

[Event "Ramat Gan op"]
[Site "Ramat Gan"]
[Date "2023.01.23"]
[Round "2"]
[White "Weber, Yonatan"]
[Black "Sobel, Ido"]
[Result "0-1"]
[WhiteElo "1527"]
[BlackElo "1871"]
[PlyCount "80"]
[EventDate "2023.01.16"]
[EventType "swiss"]
[EventRounds "7"]
[EventCountry "ISR"]
[SourceTitle "CBM 213 Extra"]
[Source "ChessBase"]
[SourceDate "2023.05.31"]
[SourceVersion "1"]
[SourceVersionDate "2023.05.31"]
[SourceQuality "1"]

1. c4 e6 2. g3 d5 3. Bg2 Nf6 4. Nf3 Bd6 5. 0-0 c6 6. d4 h6 7. b3 Nbd7 8. Bb2 b6 9. Nc3 0-0 10. Nd2 Bb7 11. e4 dxe4 12. Ndxe4 Be7 13. Qc2 Qc7 14. Rfd1 Rfd8 15. Rac1 Rac8 16. Qb1 Qb8 17. c5 Nd5 18. Ba3 N7f6 19. Nxf6+ Nxf6 20. b4 Rd7 21. Ne2 Ba6 22. Nf4 g5 23. Nxe6 Be2 24. Re1 Bg4 25. d5 Nxd5 26. Nd4 Bf6 27. Re4 Nc3 28. Rxc3 Bxd4 29. Rxg4 Bxc3 30. h4 Qe5 31. hxg5 hxg5 32. Re4 Qf6 33. Bh3 Rd2 34. f4 Rcd8 35. Qb3 g4 36. Bxg4 Bd4+ 37. Kf1 Qh6 38. Qf3 Qh2 39. Ke1 Bf2+ 40. Kf1 Qg1# 0-1

[Event "Ramat Gan op"]
[Site "Ramat Gan"]
[Date "2023.01.16"]
[Round "1"]
[White "Sobel, Ido"]
[Black "Sidorenko, Ilya"]
[Result "0-1"]
[WhiteElo "1871"]
[BlackElo "2392"]
[PlyCount "68"]
[EventDate "2023.01.16"]
[EventType "swiss"]
[EventRounds "7"]
[EventCountry "ISR"]
[SourceTitle "CBM 213 Extra"]
[Source "ChessBase"]
[SourceDate "2023.05.31"]
[SourceVersion "1"]
[SourceVersionDate "2023.05.31"]
[SourceQuality "1"]

1. e4 c5 2. Nc3 Nc6 3. f4 e6 4. Nf3 d5 5. d3 Be7 6. Be2 d4 7. Nb1 f5 8. Nbd2 Nf6 9. 0-0 0-0 10. Qe1 Ng4 11. Bd1 Ne3 12. Rf2 b6 13. Nf1 fxe4 14. dxe4 Ng4 15. Rd2 Qc7 16. g3 e5 17. f5 Nf6 18. Rg2 c4 19. c3 Kh8 20. g4 Bc5 21. Kh1 Bb7 22. Bg5 dxc3 23. bxc3 Rae8 24. Bxf6 Rxf6 25. g5 Rff8 26. Qh4 Qe7 27. Qh5 Nd8 28. Nh4 Kg8 29. f6 Bxe4 30. Bc2 Bxg2+ 31. Kxg2 gxf6 32. g6 hxg6 33. Bxg6 Ne6 34. Kh3 Nf4+ 0-1

[Event "ISR-ch U18"]
[Site "Hakfar Hayarok"]
[Date "2021.03.26"]
[Round "9"]
[White "Sobel, Ido"]
[Black "Cohen Revivo, Shoham"]
[Result "0-1"]
[WhiteElo "1885"]
[BlackElo "2171"]
[PlyCount "66"]
[EventDate "2021.03.19"]
[EventType "swiss"]
[EventRounds "9"]
[EventCountry "ISR"]
[SourceTitle "EXT 2022"]
[Source "ChessBase"]
[SourceDate "2021.10.06"]
[SourceVersion "1"]
[SourceVersionDate "2021.10.06"]
[SourceQuality "1"]

1. e4 c5 2. Nc3 Nc6 3. f4 e6 4. Nf3 d5 5. Bb5 Nge7 6. 0-0 d4 7. Ne2 a6 8. Bxc6+ Nxc6 9. d3 Be7 10. Ng3 h5 11. e5 b5 12. Ne4 Bb7 13. Bd2 Qd5 14. Qe2 0-0-0 15. Rfc1 h4 16. h3 f5 17. Neg5 Rd7 18. Be1 Bxg5 19. Nxg5 Ne7 20. Qf3 Qxf3 21. gxf3 Rh6 22. Kf2 Nd5 23. Bd2 c4 24. a3 Rc7 25. Rab1 Kb8 26. a4 bxa4 27. Ra1 c3 28. bxc3 dxc3 29. Be3 Bc6 30. Rcb1+ Kc8 31. Bb6 Rb7 32. Be3 Rb2 33. Rc1 Nb4 0-1

[Event "ISR-ch U18"]
[Site "Hakfar Hayarok"]
[Date "2021.03.23"]
[Round "5"]
[White "Sobel, Ido"]
[Black "Mondri, Nadav"]
[Result "1-0"]
[WhiteElo "1885"]
[BlackElo "1803"]
[PlyCount "61"]
[EventDate "2021.03.19"]
[EventType "swiss"]
[EventRounds "9"]
[EventCountry "ISR"]
[SourceTitle "EXT 2022"]
[Source "ChessBase"]
[SourceDate "2021.10.06"]
[SourceVersion "1"]
[SourceVersionDate "2021.10.06"]
[SourceQuality "1"]

1. e4 e5 2. Bc4 Bc5 3. d3 Nf6 4. Nc3 0-0 5. f4 Nc6 6. Nf3 d6 7. Na4 Bb6 8. Nxb6 axb6 9. a3 Re8 10. 0-0 Be6 11. Bxe6 Rxe6 12. f5 Re8 13. Bg5 d5 14. exd5 Qxd5 15. Bxf6 gxf6 16. Nd2 Kf8 17. Ne4 Ke7 18. Qe1 Nb8 19. Qb4+ c5 20. Qxb6 Nd7 21. Qb5 Rg8 22. Rf3 Rg7 23. Re1 Rag8 24. Re2 Qd4+ 25. Kh1 b6 26. h3 Qd5 27. c3 Qa2 28. Qc6 Qb1+ 29. Kh2 Qd1 30. Qd6+ Ke8 31. Nxf6+ 1-0

[Event "ISR-ch U18"]
[Site "Hakfar Hayarok"]
[Date "2021.03.22"]
[Round "4"]
[White "Iliaguev, Daniel"]
[Black "Sobel, Ido"]
[Result "1-0"]
[WhiteElo "2103"]
[BlackElo "1885"]
[PlyCount "65"]
[EventDate "2021.03.19"]
[EventType "swiss"]
[EventRounds "9"]
[EventCountry "ISR"]
[SourceTitle "EXT 2022"]
[Source "ChessBase"]
[SourceDate "2021.10.06"]
[SourceVersion "1"]
[SourceVersionDate "2021.10.06"]
[SourceQuality "1"]

1. c4 e6 2. d4 d5 3. g3 Nf6 4. Bg2 Be7 5. Nf3 0-0 6. 0-0 b6 7. Nc3 Bb7 8. cxd5 exd5 9. Qa4 Nbd7 10. Ne5 c5 11. Nxd7 Qxd7 12. Qxd7 Nxd7 13. Nxd5 Bxd5 14. Bxd5 Rad8 15. dxc5 Nxc5 16. Bf3 Bf6 17. Rb1 Rd7 18. b3 Rfd8 19. Be3 Na6 20. b4 Nc7 21. Bg4 Rd5 22. a4 Be5 23. Rfc1 Ne8 24. Bf3 R5d6 25. a5 f5 26. Kg2 h6 27. axb6 axb6 28. Rc6 Rxc6 29. Bxc6 Bc7 30. Ra1 Nf6 31. Ra7 Rc8 32. b5 Kf8 33. Rb7 1-0

[Event "ISR-ch U18"]
[Site "Hakfar Hayarok"]
[Date "2021.03.22"]
[Round "3"]
[White "Sobel, Ido"]
[Black "Kadria, Shay"]
[Result "0-1"]
[WhiteElo "1885"]
[BlackElo "2086"]
[PlyCount "54"]
[EventDate "2021.03.19"]
[EventType "swiss"]
[EventRounds "9"]
[EventCountry "ISR"]
[SourceTitle "EXT 2022"]
[Source "ChessBase"]
[SourceDate "2021.10.06"]
[SourceVersion "1"]
[SourceVersionDate "2021.10.06"]
[SourceQuality "1"]

1. e4 c5 2. Nc3 e6 3. f4 Nc6 4. Nf3 d5 5. d3 Nge7 6. Be2 g6 7. 0-0 Bg7 8. Qe1 Nd4 9. Nxd4 cxd4 10. Nd1 Bd7 11. Nf2 0-0 12. Bd1 a5 13. g4 a4 14. a3 dxe4 15. dxe4 Rc8 16. g5 Bb5 17. Nd3 Qb6 18. Rf3 f5 19. e5 Nd5 20. h4 Rf7 21. h5 Bf8 22. Qh4 Ne3 23. hxg6 hxg6 24. Rh3 Rg7 25. Qe1 Nxc2 26. Bxc2 Rxc2 27. Nb4 Re2 0-1

[Event "Jerusalem Israel op"]
[Site "Jerusalem"]
[Date "2019.12.20"]
[Round "8"]
[White "Soffer, Ram"]
[Black "Sobel, Ido"]
[Result "1-0"]
[WhiteElo "2490"]
[BlackElo "1711"]
[PlyCount "96"]
[EventDate "2019.12.12"]
[EventType "swiss"]
[EventRounds "9"]
[EventCountry "ISR"]
[SourceTitle "CBM 193 Extra"]
[Source "ChessBase"]
[SourceDate "2020.01.31"]
[SourceVersion "1"]
[SourceVersionDate "2020.01.31"]
[SourceQuality "1"]

1. c4 e6 2. Nf3 Nf6 3. g3 d5 4. Bg2 c6 5. 0-0 Be7 6. d4 0-0 7. Nbd2 b6 8. Qc2 Bb7 9. e4 dxe4 10. Nxe4 Nbd7 11. Bf4 c5 12. Nd6 Bxd6 13. Bxd6 Re8 14. Rad1 Qc8 15. Rfe1 cxd4 16. Rxd4 Bc6 17. Ne5 Bxg2 18. Kxg2 Nxe5 19. Bxe5 Qb7+ 20. f3 Qe7 21. Red1 Red8 22. Qd3 Rxd4 23. Qxd4 Ne8 24. Qd3 f6 25. Bc3 Nc7 26. Qd7 Qxd7 27. Rxd7 Rc8 28. b3 Ne8 29. a4 Rc7 30. Rd8 Kf7 31. Bb4 f5 32. a5 Rb7 33. a6 Rc7 34. f4 h6 35. Kf3 g5 36. Ke2 g4 37. Ke3 Nf6 38. Bd6 Rd7 39. Rxd7+ Nxd7 40. b4 h5 41. b5 Ke8 42. Bc7 Ke7 43. c5 Nxc5 44. Bxb6 Kd6 45. Bxa7 Nd7 46. Bb8+ Kc5 47. Bc7 Nf6 48. Bd8 Kd5 1-0

[Event "Jerusalem Israel op"]
[Site "Jerusalem"]
[Date "2019.12.19"]
[Round "7"]
[White "Sobel, Ido"]
[Black "Birnboim, Nathan"]
[Result "1-0"]
[WhiteElo "1711"]
[BlackElo "2393"]
[PlyCount "91"]
[EventDate "2019.12.12"]
[EventType "swiss"]
[EventRounds "9"]
[EventCountry "ISR"]
[SourceTitle "CBM 193 Extra"]
[Source "ChessBase"]
[SourceDate "2020.01.31"]
[SourceVersion "1"]
[SourceVersionDate "2020.01.31"]
[SourceQuality "1"]

1. e4 c6 2. d4 d5 3. Nc3 dxe4 4. Nxe4 Nf6 5. Nxf6+ exf6 6. Nf3 Bd6 7. Bd3 0-0 8. 0-0 Nd7 9. c3 Re8 10. Qc2 Nf8 11. Be3 Bg4 12. Nd2 Bc7 13. Rfe1 Qd6 14. Nf1 Rad8 15. f3 Bc8 16. Bf2 g6 17. Rxe8 Rxe8 18. Re1 Rxe1 19. Bxe1 Qe6 20. Qb1 Qe7 21. Qc1 Ne6 22. Bg3 Bxg3 23. Nxg3 f5 24. Ne2 Qd6 25. Bc4 b5 26. Bb3 Kg7 27. Qd2 h5 28. Bxe6 Bxe6 29. b3 a5 30. Nf4 c5 31. Ne2 b4 32. c4 Bd7 33. Qe3 f4 34. Qd2 Bf5 35. Kf2 g5 36. Ke1 Bg6 37. dxc5 Qxc5 38. Qd4+ Qxd4 39. Nxd4 Bb1 40. Nc6 Bxa2 41. Nxa5 Kf6 42. Kd2 Bb1 43. Nc6 g4 44. Nxb4 g3 45. h4 Bf5 46. Nd3 1-0

[Event "Jerusalem Israel op"]
[Site "Jerusalem"]
[Date "2019.12.18"]
[Round "6"]
[White "Har Even, Abir"]
[Black "Sobel, Ido"]
[Result "0-1"]
[WhiteElo "2104"]
[BlackElo "1711"]
[PlyCount "157"]
[EventDate "2019.12.12"]
[EventType "swiss"]
[EventRounds "9"]
[EventCountry "ISR"]
[SourceTitle "CBM 193 Extra"]
[Source "ChessBase"]
[SourceDate "2020.01.31"]
[SourceVersion "1"]
[SourceVersionDate "2020.01.31"]
[SourceQuality "1"]

1. Nf3 Nf6 2. d3 d5 3. g3 Bf5 4. Bg2 c6 5. 0-0 Nbd7 6. Nh4 Bg6 7. Nxg6 hxg6 8. Nc3 e6 9. e4 Qc7 10. exd5 Nxd5 11. Nxd5 cxd5 12. Qe2 Nf6 13. c4 Rd8 14. Bg5 dxc4 15. dxc4 Be7 16. Rfd1 0-0 17. a3 b6 18. b4 Rxd1+ 19. Rxd1 Rd8 20. Rxd8+ Qxd8 21. Qd2 Qxd2 22. Bxd2 Bd6 23. h3 Nd7 24. f4 Kf8 25. Kf2 Ke7 26. Bc6 Kd8 27. Bc3 Bf8 28. g4 Kc7 29. Ba4 Bd6 30. Kf3 f6 31. Bc2 Nf8 32. Ke4 Nd7 33. Ba4 Be7 34. Kf3 Bf8 35. Bc2 f5 36. g5 Kd6 37. Ba4 Kc7 38. h4 Kd8 39. Ke3 Ke7 40. Bd4 Kd8 41. Bb5 Kc7 42. Ba4 Kd8 43. Bb3 Ke8 44. Kd3 Bd6 45. Be3 e5 46. fxe5 Bxe5 47. c5 bxc5 48. bxc5 Bg3 49. Bd4 Bxh4 50. Ba4 Kd8 51. Be3 f4 52. Bxd7 fxe3 53. Bc6 Bxg5 54. Be4 Be7 55. Kxe3 Bxc5+ 56. Kf4 Bxa3 57. Bxg6 Kc7 58. Ke4 Kd6 59. Be8 Kc5 60. Bg6 Kb4 61. Kd3 Bb2 62. Kc2 Bf6 63. Kd3 a5 64. Kc2 a4 65. Kb1 a3 66. Ka2 Bb2 67. Kb1 Kc3 68. Ka2 Kd4 69. Kb1 Ke5 70. Kc2 Kf6 71. Bd3 g5 72. Bc4 Kf5 73. Kd3 Kf4 74. Ke2 Kg3 75. Kf1 Kh2 76. Bd5 g4 77. Ke2 g3 78. Kd2 a2 79. Kc2 0-1

[Event "Netanya op"]
[Site "Netanya"]
[Date "2019.06.30"]
[Round "7"]
[White "Sobel, Ido"]
[Black "Cohen Revivo, Alon"]
[Result "0-1"]
[WhiteElo "1616"]
[BlackElo "2036"]
[PlyCount "114"]
[EventDate "2019.06.23"]
[EventType "swiss"]
[EventRounds "9"]
[EventCountry "ISR"]
[SourceTitle "CBM 191 Extra"]
[Source "ChessBase"]
[SourceDate "2019.09.30"]
[SourceVersion "1"]
[SourceVersionDate "2019.09.30"]
[SourceQuality "1"]

1. e4 Nc6 2. d4 d5 3. exd5 Qxd5 4. Nf3 e5 5. Nc3 Bb4 6. a3 Bxc3+ 7. bxc3 e4 8. Nd2 Nf6 9. h3 Bf5 10. Nb3 0-0 11. Bf4 Rfe8 12. c4 Qd7 13. Be2 h6 14. Qd2 b6 15. Qe3 Bg6 16. g4 a5 17. Rd1 a4 18. Nc1 Rad8 19. c3 Na5 20. Na2 Qe7 21. Nc1 Rd7 22. Rd2 Nb3 23. Ra2 Na5 24. h4 h5 25. g5 Nh7 26. Qd2 Nb3 27. Qd1 e3 28. Bxe3 Nxc1 29. Qxc1 Qe4 30. Rh2 Nf8 31. Bf1 Rde7 32. Re2 Qg4 33. Kd2 Qe6 34. Re1 Qd6 35. Rh3 Ne6 36. Rf3 Nc5 37. Qb2 Nb3+ 38. Kd1 Qc6 39. d5 Qd6 40. Be2 Re4 41. Rh3 R4e7 42. Bf3 c6 43. Rhh1 cxd5 44. cxd5 b5 45. Bd4 Qf4 46. Be2 Rxe2 47. Rxe2 Rxe2 48. Kxe2 Qe4+ 49. Be3 Qxh1 50. f3 Qxh4 51. Kf1 Qc4+ 52. Kg2 Qxd5 53. Qf2 Na5 54. Qg3 Nc4 55. Qb8+ Kh7 56. Bc1 Qe5 57. Qb7 Qe2+ 0-1

[Event "Netanya op"]
[Site "Netanya"]
[Date "2019.06.28"]
[Round "6"]
[White "Sobel, Ido"]
[Black "Zhimalov, Adam"]
[Result "0-1"]
[WhiteElo "1616"]
[BlackElo "2044"]
[PlyCount "140"]
[EventDate "2019.06.23"]
[EventType "swiss"]
[EventRounds "9"]
[EventCountry "ISR"]
[SourceTitle "CBM 191 Extra"]
[Source "ChessBase"]
[SourceDate "2019.09.30"]
[SourceVersion "1"]
[SourceVersionDate "2019.09.30"]
[SourceQuality "1"]

1. e4 c6 2. d4 d5 3. Nc3 dxe4 4. Nxe4 Nf6 5. Nxf6+ exf6 6. c3 Qd5 7. Nf3 Bd6 8. Qe2+ Qe6 9. Qxe6+ Bxe6 10. Bd3 Nd7 11. 0-0 0-0-0 12. Nd2 f5 13. Nc4 Bc7 14. Re1 h6 15. b3 Rde8 16. Ba3 Nf6 17. Bb2 c5 18. Rad1 cxd4 19. cxd4 Nd5 20. Ne3 g6 21. Nxd5 Bxd5 22. Bc3 Bb6 23. Rxe8+ Rxe8 24. Kf1 Kb8 25. Rd2 Rc8 26. Bb2 Ba5 27. Rc2 Rd8 28. f3 h5 29. h3 Bc7 30. Bc4 Kc8 31. Bxd5 Rxd5 32. Ke2 Kd7 33. Kd3 Ra5 34. Bc3 Ra6 35. Bb4 Re6 36. Re2 Kc6 37. Rc2+ Kd7 38. Re2 a6 39. Bd2 Rc6 40. Bb4 Bd8 41. Rc2 Rf6 42. Bd2 Re6 43. Bc3 a5 44. Re2 Ra6 45. a4 Bc7 46. Be1 g5 47. Rc2 Bd6 48. Rf2 Rb6 49. Rb2 Ra6 50. Rf2 Ra8 51. Rc2 b6 52. Re2 Rg8 53. g4 fxg4 54. fxg4 hxg4 55. hxg4 Rh8 56. Bd2 f6 57. Kc4 Rh4 58. Rg2 Rh1 59. Kb5 Rb1 60. Kc4 Rb2 61. Kc3 Ra2 62. Rf2 Bb4+ 63. Kd3 Rxd2+ 64. Rxd2 Bxd2 65. Kxd2 Ke6 66. Kc3 f5 67. gxf5+ Kxf5 68. b4 g4 69. bxa5 bxa5 70. Kd2 Ke4 0-1